[Event "Dubai op-B 23rd"]
[Site "Dubai"]
[Date "2023.06.02"]
[Round "7"]
[White "Yashvir, Mohammad"]
[Black "Mohamed Azzab, Mareim"]
[Result "0-1"]
[WhiteElo "1347"]
[BlackElo "1614"]
[PlyCount "106"]
[EventDate "2023.05.27"]
[EventType "swiss"]
[EventRounds "9"]
[EventCountry "UAE"]
[SourceTitle "CBM 214 Extra"]
[Source "ChessBase"]
[SourceDate "2023.07.31"]
[SourceVersion "1"]
[SourceVersionDate "2023.07.31"]
[SourceQuality "1"]

1. e4 c6 2. d4 d5 3. exd5 cxd5 4. Bd3 Nc6 5. c3 Qc7 6. Ne2 Bg4 7. f3 Bd7 8. Bf4 e5 9. dxe5 Nxe5 10. Bxe5 Qxe5 11. 0-0 Bc5+ 12. Kh1 Ne7 13. Nd2 0-0 14. Qc2 h6 15. f4 Qf6 16. Nf3 Nc6 17. Rad1 Bb6 18. Qd2 Rad8 19. Ned4 Rfe8 20. Rfe1 Bg4 21. Rxe8+ Rxe8 22. Re1 Rxe1+ 23. Qxe1 Bd7 24. Nxc6 Bxc6 25. Ne5 Kf8 26. Nxc6 Qxc6 27. Be2 Qa4 28. h3 Qxf4 29. Bf3 d4 30. Bxb7 d3 31. Bc6 g6 32. Qd1 d2 33. Qf3 Qe5 34. Be4 Qxe4 35. Qxe4 d1Q+ 36. Kh2 Bf2 37. Qa8+ Kg7 38. h4 Qg4 39. Qd8 Qf4+ 40. Kh1 Bg3 41. Qd1 Qxh4+ 42. Kg1 Bh2+ 43. Kf1 Qf4+ 44. Ke2 Qe4+ 45. Kf2 Qf5+ 46. Ke2 Qb5+ 47. Kf2 Qxb2+ 48. Kf1 Qxc3 49. Qa4 Bg3 50. Qd1 Qf6+ 51. Qf3 Qxf3+ 52. gxf3 Kf6 53. Kg2 Bd6 0-1

[Event "Dubai op-B 23rd"]
[Site "Dubai"]
[Date "2023.06.01"]
[Round "6"]
[White "Opasiak, Dustin Tennessee"]
[Black "Yashvir, Mohammad"]
[Result "1-0"]
[WhiteElo "1745"]
[BlackElo "1347"]
[PlyCount "124"]
[EventDate "2023.05.27"]
[EventType "swiss"]
[EventRounds "9"]
[EventCountry "UAE"]
[SourceTitle "CBM 214 Extra"]
[Source "ChessBase"]
[SourceDate "2023.07.31"]
[SourceVersion "1"]
[SourceVersionDate "2023.07.31"]
[SourceQuality "1"]

1. Nf3 d5 2. g3 Nf6 3. Bg2 g6 4. 0-0 Bg7 5. d3 0-0 6. Nbd2 Re8 7. e4 dxe4 8. dxe4 e5 9. a4 Nc6 10. c3 a5 11. Qc2 Bg4 12. h3 Bxf3 13. Nxf3 Qe7 14. Be3 Rad8 15. Nd2 Nd7 16. f4 exf4 17. gxf4 Nf6 18. Rae1 Qd7 19. Nb3 b6 20. Rd1 Qe6 21. e5 Nd5 22. Bc1 Nde7 23. Nd2 Nf5 24. Ne4 Nce7 25. Ng5 Qc4 26. b3 Qc5+ 27. Kh2 Nd5 28. Ne4 Qe7 29. Qf2 Qh4 30. Qf3 Kh8 31. Ng5 c6 32. Nxf7+ Kg8 33. Nxd8 Qxd8 34. Rxd5 cxd5 35. Qxd5+ Kh8 36. Rd1 Qh4 37. Qc6 Qg3+ 38. Kh1 Rf8 39. Qf3 Qh4 40. Kh2 Qe7 41. Rd5 Nh4 42. Qd3 Nxg2 43. Kxg2 Bh6 44. Rd7 Qe6 45. c4 Bxf4 46. Bxf4 Rxf4 47. Qd5 Qf5 48. Qa8+ Qf8 49. Qxf8+ Rxf8 50. Kg3 Kg8 51. Rb7 Rf5 52. e6 Re5 53. Rxb6 Kf8 54. Kf4 Re1 55. Rb5 Rxe6 56. Rxa5 Rf6+ 57. Kg4 h5+ 58. Kg3 Rd6 59. Rb5 Ke7 60. a5 Kd7 61. Rd5 Kc7 62. Rxd6 Kxd6 1-0

[Event "Dubai op-B 23rd"]
[Site "Dubai"]
[Date "2023.05.30"]
[Round "4"]
[White "Roneet, Das"]
[Black "Yashvir, Mohammad"]
[Result "1-0"]
[WhiteElo "1702"]
[BlackElo "1347"]
[PlyCount "51"]
[EventDate "2023.05.27"]
[EventType "swiss"]
[EventRounds "9"]
[EventCountry "UAE"]
[SourceTitle "CBM 214 Extra"]
[Source "ChessBase"]
[SourceDate "2023.07.31"]
[SourceVersion "1"]
[SourceVersionDate "2023.07.31"]
[SourceQuality "1"]

1. d4 Nf6 2. Nf3 g6 3. c4 d6 4. Nc3 Bg7 5. e4 0-0 6. Be2 e5 7. dxe5 dxe5 8. Qxd8 Rxd8 9. Bg5 Re8 10. Rd1 c6 11. Nxe5 Rxe5 12. Rd8+ Re8 13. Bxf6 Rxd8 14. Bxd8 Be6 15. f4 Nd7 16. Be7 Nb6 17. c5 Bxc3+ 18. bxc3 Na4 19. Kd2 Re8 20. Bd6 Rd8 21. Kc2 b6 22. cxb6 Rxd6 23. bxa7 Nb6 24. Rb1 Na8 25. Rb8+ Kg7 26. Rxa8 1-0